| 000 | 00369nam a22001457a 4500 | ||
|---|---|---|---|
| 020 | _qHB. | ||
| 040 | _cFIZZA ISHAQ | ||
| 082 |
_a628.166 _bWIL |
||
| 100 |
_aBAJJALI, WILLIAM. _930265 |
||
| 245 |
_aARCGIS FOR ENVIRONMENT AND WATER ISSUES / _cWILLIAM BAJJALI. |
||
| 250 | _a1st ED. | ||
| 260 |
_aNEW YORK ; _bSPRINGER, _c2018. |
||
| 300 | _a353 P. ; | ||
| 942 |
_2ddc _cBK |
||
| 999 |
_c589322 _d589322 |
||